Statistics for KPOP Guess The SM Group Members

Click here to take the quiz!

General Stats

  • This quiz has been taken 47 times
  • The average score is 58 of 96

Answer Stats

HintAnswer% Correct
Red VelvetIrene
100%
SuperMKai
100%
EXOKai
100%
GotTheBeatKarina
100%
AespaKarina
100%
GotTheBeatSeulgi
100%
Red VelvetSeulgi
100%
GotTheBeatWinter
100%
AespaWinter
100%
AespaGiselle
97%
Red VelvetJoy
95%
Red VelvetWendy
95%
GotTheBeatWendy
95%
NCTMark
92%
SuperMMark
92%
AespaNingNing
92%
Red VelvetYeri
89%
EXOChen
86%
EXODO
84%
EXOBaekhyun
81%
SuperMBaekhyun
81%
EXOSuho
81%
SuperMTaemin
81%
ShineeTaemin
81%
SNSDTaeyeon
81%
GotTheBeatTaeyeon
81%
NCTTaeyong
81%
SuperMTaeyong
81%
NCTHaechan
78%
ShineeKey
78%
NCTJohnny
76%
NCTRenjun
76%
NCTTen
76%
SuperMTen
76%
EXOChanyeol
73%
NCTJaehyun
73%
NCTJisung
73%
NCTLucas
73%
SuperMLucas
73%
ShineeMinho
73%
EXOSehun
73%
NCTTaeil
73%
NCTDoyoung
70%
NCTJeno
70%
ShineeJonghyun
70%
RIIZEShotaro
70%
NCTYuta
70%
NCTJaemin
68%
EXOLay
68%
ShineeOnew
68%
NCTChenle
62%
NCTJungwoo
62%
RIIZESungchan
62%
EXOXiumin
62%
RIIZEAnton
59%
SNSDTiffany
59%
NCTHendery
57%
NCTKun
57%
NCTWinwin
54%
NCTYangyang
54%
GotTheBeatBOA
51%
EX-SNSDJessica
51%
SNSDSunny
51%
RIIZEWonbin
51%
SNSDHyoyeon
49%
GotTheBeatHyoyeon
49%
F(x)Amber
46%
SuperJuniorHeechul
46%
RIIZESeunghan
46%
SNSDYoona
46%
SuperJuniorShindong
38%
RIIZESohee
38%
SNSDYuri
38%
F(x)Krystal
35%
TVXQChangmin
32%
RIIZEEunseok
30%
SuperJuniorLeeteuk
30%
SNSDSeohyun
30%
F(x)Luna
27%
SuperJuniorSiwon
27%
SNSDSooyoung
27%
TVXQYunho
27%
SuperJuniorEunhyuk
22%
F(x)Victoria
22%
SuperJuniorDonghae
16%
SuperJuniorKyuhyun
16%
SuperJuniorRyeowook
16%
F(x)Sully
16%
NCTXioajun
16%
S.E.SBada
14%
TVXQJaejoong
14%
SuperJuniorYesung
14%
S.E.SEugene
11%
TVXQJunsu
8%
TVXQYoochun
8%
S.E.SShoo
5%

Score Distribution

Percentile by Number Answered

Percent of People with Each Score

Your Score History

You have not taken this quiz